000 00349nam a22001457a 4500
008 210305b ||||| |||| 00| 0 eng d
020 _a9780486235684
041 _aeng
080 _a521
082 _a521
100 _a42
101 _aAST
245 _aAn Observer's Guide to the Universe Beyond the Solar System
_cBurnham, R
942 _2udc
_cBK
999 _c55785
_d55785